000
00422cam a2200181ua 4500
041
_a
eng
_h
100
_a
Kothari, Mahesh .
245
_a
Laboratory manualon Irrigation engineering
260
_a
Udaipur :
_b
Dept. of SWC ,
_c
2004.
300
_a
; .
504
_a
700
1
_a
Raj Vir, Singh .
942
_c
BK
999
_c
12922
_d
12922